Регионална библиотека "Любен Каравелов" - Русе

Справочник за кандидатстващите след VІІ клас (Запис номер 29020)

MARC детайли
000 -Лидер
Контролно поле с фиксирана дължина 01640nam a2200373 c 4500
003 - Код на организацията, давaща контролен номер
Контролно поле BLK
005 - Дата и час на последна редакция
Контролно поле 20180420220252.0
008 - Елементи от данни с фиксирана дължина
fixed length control field 180407b bul|||||r ||||||| ||bul||
010 ## - Наследен системен номер
LC control number KNG00031629000
020 ## - Международен стандартен номер на книга ISBN
Международен стандартен номер на книга ISBN 954-8249-17-0
-- издат.: Педагог 6
040 ## - Източник на каталожния запис
Идентификатор на билиотеката - собственик на записа BLK
041 ## - Код за език
Код за езика на текст/звукозапис или на отделно заглавие Български
Код за езика КДБФ Български
080 ## - УДК
Текстов определител УДК Средни училища
УДК код - определител по УДК 373.5
УДК определител (497.2)(035)
УДК - код + определител 373.5(497.2)(035)
080 ## - УДК
Текстов определител УДК Специално образование. Професионално образование. Професионални училища
УДК код - определител по УДК 377
УДК определител (497.2)(035)
УДК - код + определител 377(497.2)(035)
100 1# - Редна дума - Автор
Автор Делев, Кирил
Авторска отговорност първи автор
R(LIN) 243820
139 ## - Редно поле
Редна дума Делев, Кирил и др.
Авторски знак Дел - Д 36
245 10 - Сведения за заглавието
Заглавие Справочник за кандидатстващите след VІІ клас
Подзаглавни данни Ез. гимназии, мат. гимназии, техникуми, проф. гимназии
Редно поле (дума) Кирил Делев; съавт. Лили Николова.
257 ## - Страна на издаване
Страна на създаване/издаване България
260 ## - Област на издателските данни
-- София
Име на издателя, разпространителя и проч. Педагог 6
Година на издаване 1996
Печатница Ямбол : Светлина
300 ## - Физическа характеристика
Страници 135 с.
Размери/Мащаб 20 см
380 ## - Жанр
Жанр Обществени науки
650 #4 - Допълнително описание по предмет – тема
Основно описание – тема или топоним Средни училища - България - справочници
9 (RLIN) 269618
650 #4 - Допълнително описание по предмет – тема
Основно описание – тема или топоним Техникуми - България
9 (RLIN) 263410
653 ## - Ключова дума – ненормативна
Ключова дума средно образование
653 ## - Ключова дума – ненормативна
Ключова дума техникуми
653 ## - Ключова дума – ненормативна
Ключова дума кандидат-гимназисти
653 ## - Ключова дума – ненормативна
Ключова дума справочници
700 1# - Други автори (авторска отговорност)
Лично име Николова, Лили
Автороска отговорност (Описва отношението между автора и произведението) съавт.
9 (RLIN) 243595
852 ## - Местоположение
Форматна сигнатура Цб 191944
856 4# - Електронен адрес и достъп
Електронен формат pdf - файл
Път до файла /url/
856 4# - Електронен адрес и достъп
Електронен формат pdf - файл
Път до файла /url/
942 ## - АРТИКУЛИ
Вид на библиотечния материал Книги
Скрит в OPAC Не
944 ## - СЪЗДАВАНЕ И РЕДАКЦИЯ на ЗАПИСА
Създаване/Редакция Създаване
Дата на регистрацията/редакция 04.06.2003
Служител, извършил регистрацията/редакцията Людмила_Стоянова
944 ## - СЪЗДАВАНЕ И РЕДАКЦИЯ на ЗАПИСА
Създаване/Редакция Редакция
Дата на регистрацията/редакция 30.06.2003
Служител, извършил регистрацията/редакцията
999 ## - СИСТЕМНИ КОНТРОЛНИ НОМЕРА
Koha biblionumber 29020
Koha biblioitemnumber 29020
Наличности
Код за отписване Код за изгубен артикул Източник на класификационната схема Код за повреда Коз за рестрикции Код за отдаване Артикулен № Име на библиотеката - собственик Име на библиотеката, в която се намира в момента Статус (Текущо местоположение) Дата на вписване в системата Местоположение - отдел Цена в лева Инвентарен номер Систематично азбучна сигнатура Баркод Номер на екземпляра Цена в евро Служебна бележка Служебен тип на артикула
  Не е изгубен Universal Decimal Classification Не е повреден без рестрикции ползва се в читалня 46644 Регионална библиотека "Любен Каравелов" Русе Регионална библиотека "Любен Каравелов" Русе Хранилище 2001-01-01 Основен фонд - ползва се само за читалня 0.06 621190 Цб 191944 120000621190 1 0.03 Дост: Pk Вид: Ф N: стар фонд Дата: 01.01.1996 Книги
Vip Innovations Ltd, Rousse, Bulgaria 2025